banner koha

Projeto integrado de uso e conservacao do solo. Um esforco conjunto para a conservacao do solo no Rio Grande do Sul [Brasil] (Registro n. 105702)

MARC details
000 -LÍDER
campo de controle de tamanho fixo 01163nas a2200325 4500
001 - NÚMERO DE CONTROLE
campo de controle BR8100594
003 - IDENTIFICADOR DO NÚMERO DE CONTROLE
campo de controle BR-BrBNA
005 - DATA E HORÁRIO DA ÚLTIMA TRANSAÇÃO
campo de controle 20231205084521.0
007 - CAMPO FIXO DE DESCRIÇÃO FÍSICA--INFORMAÇÃO GERAL
campo de controle de tamanho fixo ta
008 - CAMPO DE DADOS FIXOS--INFORMAÇÃO GERAL
campo de controle de tamanho fixo 230509b bl.|||p| |||| 00| 00por d
040 ## - FONTE DA CATALOGAÇÃO
Instituição da catalogação original BR-BrBNA
Idioma da catalogação por
Instituição que transcreveu o registro Biblioteca Nacional de Agricultura
041 ## - CÓDIGO DE IDIOMA
Código do idioma do texto/trilha sonora ou título diferente (Pt)
072 ## - CÓDIGO DE CATEGORIA DE ASSUNTO
Código de Categoria de Assunto F28
100 1# - ENTRADA PRINCIPAL--NOME PESSOAL
Nome pessoal Wunsche, W.A.
100 1# - ENTRADA PRINCIPAL--NOME PESSOAL
Nome pessoal Scopel, I.
100 1# - ENTRADA PRINCIPAL--NOME PESSOAL
Nome pessoal Denardin, J.E.
100 1# - ENTRADA PRINCIPAL--NOME PESSOAL
Nome pessoal Schneider, P.
100 1# - ENTRADA PRINCIPAL--NOME PESSOAL
Nome pessoal Mielniczuck, J.
100 1# - ENTRADA PRINCIPAL--NOME PESSOAL
Nome pessoal Cassol, E.A.
111 1# - ENTRADA PRINCIPAL--NOME DO EVENTO
Nome do evento ou lugar 3. Encontro Nacional de Pesquisa em Conservacao do Solo
Local do evento Recife, PE (Brazil)
Data do evento ou assinatura do tratado 28 Jul 1980
245 1# - TÍTULO
Título Projeto integrado de uso e conservacao do solo. Um esforco conjunto para a conservacao do solo no Rio Grande do Sul [Brasil]
246 1# - FORMA VARIANTE DO TÍTULO
Título/título abreviado [Integrated project for soil use and conservation. A joint effort for soil conservation in Rio Grande do Sul [Brazil]]
650 ## - ASSUNTO--TERMO TÓPICO
Cabeçalho tópico ou nome geográfico Recuperacao do solo
650 ## - ASSUNTO--TERMO TÓPICO
Cabeçalho tópico ou nome geográfico Erosao do solo
650 ## - ASSUNTO--TERMO TÓPICO
Cabeçalho tópico ou nome geográfico Conservacao
650 ## - ASSUNTO--TERMO TÓPICO
Cabeçalho tópico ou nome geográfico Rio Grande do Sul
773 0# - ENTRADA ANALÍTICA
Título Trigo e Soja (Brazil)
ISSN - International Standard Serial Number ISSN 0100-5456
Partes relacionadas (Oct 1980), (no. 51) p. 20-25
Número de controle do registro BR8100594
909 ## -
-- 202311
-- Lúcia
-- 55
-- Lúcia Elande
942 ## - ELEMENTOS DE ENTRADA ADICIONADOS (KOHA)
Fonte da classificação ou esquema de arquivamento na estante Classificação AGRIS
Ocultar no OPAC Não
Tipo de material Koha Analítica
Exemplares
Situação do descarte Fonte da classificação ou esquema de arquivamento na estante Situação física Não pode ser emprestado Biblioteca de origem Biblioteca atual Localização na estante Enumeração do periódico / cronologia Total de empréstimos Data de último acesso Número do exemplar Tipo de material Koha Fonte de aquisição
  Classificação AGRIS   Consulta local Biblioteca Nacional de Agricultura - Binagri Biblioteca Nacional de Agricultura - Binagri   (Oct 1980), (no. 51) p. 20-25   29/11/2023 01 Periódicos Portaria Interministerial nº 164/94

BINAGRI

Telefone: (61)3218-2567/2388/3357/2097 - binagri@agro.gov.br

Ministério da Agricultura e Pecuária , Esplanada dos Ministérios, Bloco D, Anexo B, Brasília/DF, CEP: 70.043-900